000 01150nam0a22002771 4500
001 rc\4228637
005 20130416110607.1
021 _aRU
_b[65-51976]
035 _a(NLR Aleph) 008463590
090 _a7885048
_c7885048
100 _a20130416d1965 |||y0rusy50 ca
101 0 _arus
102 _aRU
105 _aa z |||||
200 1 _aОсновные направления механизации электротермического оборудования
_fГос. ком. по электротехнике при Госплане СССР
210 _aМосква
_cВНИИЭМ. Отд-ние науч.-техн. информации, стандартизации и нормализации в электротехнике
_d1965
215 _a39 с.
_cил.
_d22
300 _aНа обл. авт. не указаны
606 _aЭлектротермическое оборудование
_2psbo
700 1 _aАльтгаузен
_bА. П.
_gАндрей Павлович
701 1 _aГанжа
_bК. Г.
801 0 _aRU
_bNLR
_gpsbo
801 1 _aRU
_bELAR
_2rusmarc
852 _aNLR
_j65-6/8466
942 _cBOOK
980 _aNB